000 00376nam a2200145Ia 4500
008 231129s2000||||xx |||||||||||||| ||spa||
020 _a968-444-462-1
040 _bspa
082 _a786.76 U55m
100 _aUnderhill Rod
245 0 _aMP3: Música en Internet
260 _c2000
264 _aPearson Educación
942 _2ddc
_cBKS
999 _c21430
_d21430